Statistiques concernant WWE Royal Rumble - Qui a éliminé Sheamus ?

Cliquez ici pour prendre le quiz!

Statistiques générales

  • Ce quiz a été pris 30 fois
  • Le résultat moyen est 5 sur 9

Statistiques - réponses

RumbleÉliminé par% Correct
2014Roman Reigns
96%
2016Roman Reigns
96%
2011Randy Orton
89%
2023Gunther
67%
2021Braun Strowman
56%
2013Ryback
48%
2017Chris Jericho
44%
2018Heath Slater
33%
2022Bad Bunny
15%

Distribution des résultats

Percentile par nombre de réponses

% des personnes avec chaque résultat

Votre développement - résultats

Vous n’avez pas pris ce quiz